| 000 | 01295nam a2200289Ia 4500 | ||
|---|---|---|---|
| 003 | OSt | ||
| 005 | 20200825150311.0 | ||
| 008 | 191128s2003 sp ad gr 000 0 spa d | ||
| 020 | _a8478273034 | ||
| 040 |
_aCo-JMCR _cCo-JMCR |
||
| 041 | 0 | _aspa | |
| 082 | 0 | 4 |
_a370.11 / _bL925m _223 |
| 100 | 1 |
_aLópez Rodriguez, Francesc, _e Compilador _99222 |
|
| 245 | 1 | 3 |
_aEl mundo en guerra : _bla educación para la paz / _cFrancesc López Rodriguez, Sussana Aránega |
| 250 | _a1a. edición | ||
| 260 |
_aBarcelona : _bGraó, _c2003. |
||
| 300 |
_a196 páginas : _bilustraciones, diagramas, gráficos a blanco y negro ; _c24 cm. |
||
| 490 |
_aTemas transversales ; _v184. |
||
| 500 | _aIncluye datos biográficos de los compiladores en solapa frontal, Incluye subtitulo : Propuesta y actividades (3-12 años) | ||
| 504 | _aBibliografía : páginas 183. | ||
| 505 | 0 | _aEducar para el conflicto -- Un viaje al centro de la guerra -- Las guerras del siglo xx y la didáctica de las ciencias sociales -- La educación para el desarrollo, una propuesta para la solidaridad -- ¿Por qué educar desde la solidaridad? | |
| 650 | 2 | 4 |
_aLa guerra _99223 |
| 650 | 2 | 4 |
_a Educación Actividades _99224 |
| 650 | 2 | 4 |
_aEducación _99225 |
| 700 |
_aAránega, Sussana, _ecompiladora _99226 |
||
| 942 |
_2ddc _cBK |
||
| 999 |
_c6370 _d6370 |
||